00921 2200325 4500001002100000005001500021007000300036008004100039020002200080035002000102040001700122041000800139082001200147084001800159090002300177100003000200245008000230250001300310264003300323300003800356336002100394337003000415338002300445650001100468700004000479850001000519990002200529990002200551990002200573INLIS00000000000702120260603033444ta260603 0  a978-623-01-0883-9 a0010-0722000071 aSBPUPADbind0 aind a746.662 a746.662 IVO k a338.479 AYU m 10-41 aCarlo de IvoneePengarang1 aBatik Pedia :bKumpulan istilah penting dalam dunia batik /cCarlo de Ivone a.-Ed.1 : a.--Yogyakarta :bAndi,c2020 avii ,113hlm. :bilus. ;c14x21 cm 2rdacontentateks 2rdamediaatanpa perantara 2rdacarrieravolume 4aBusana0 aeditor, Dian Christine fePengarang aPUPAD a36.189/b/DPK/2022 a36.190/b/DPK/2022 a36.191/b/DPK/2022